000 01035pam a2200241 i 4500
001 326299
003 NUST
005 20231013124916.0
008 750213s1976 nyua 001 0 eng
010 _a 75004928
020 _a0023659505
040 _aDLC
_cDLC
_dDLC
082 0 0 _a512.5,KOL
100 1 _aKolman, Bernard,
_938800
245 1 0 _aLinear Algebra with Applications /
_cBernard Kolman, David R. Hill
250 _a9th ed.
260 _cc 2009
300 _axviii, 614 , I-12 p. :
_bill. ;
_c25 cm.
505 _aLinear Equations and Matrices (Page-1), Solving Linear System (Page-86), Determinants (Page-141), Real Vector Spaces (Page-177), Inner Product Spaces (Page-290), Linear Transformations and Matrices (Page-363), Eigenvalues and Eigenvectors (page-436), Applications of Eigenvalues and Eigenvectors (Optional), Matlab for Linear Algebra (Page-561), Matlab Exercises (Page-597).
650 0 _aAlgebras, Linear.
_910720
906 _a7
_bcbc
_corignew
_d1
_eocip
_f19
_gy-gencatlg
942 _2ddc
_cBK
_k512.5,KOL
999 _c592294
_d592294